Industria de la carne: salazones y chacinería
Αποθηκεύτηκε σε:
| Κύριος συγγραφέας: | |
|---|---|
| Μορφή: | Βιβλίο |
| Γλώσσα: | Ισπανικά |
| Έκδοση: |
Barcelona
Gredos
1980
|
| Σειρά: | Biblioteca técnica Gredos
|
| Θέματα: | |
| Ετικέτες: |
Προσθήκη ετικέτας
Δεν υπάρχουν, Καταχωρήστε ετικέτα πρώτοι!
|
MARC
| LEADER | 00000nam a2200000 a 4500 | ||
|---|---|---|---|
| 001 | UCV3805 | ||
| 003 | CL-VaPUC | ||
| 008 | 920819e19800000SP |||||||||||||||||spa|d | ||
| 082 | 0 | 4 | |a 664.9 |b AMO |2 21 |
| 100 | 0 | |a Amo Visier, Antonio |e author |9 298167 | |
| 245 | 1 | 0 | |a Industria de la carne: salazones y chacinería |
| 300 | |a 304 p | ||
| 942 | |c BK | ||
| 945 | |d 19920819 00:00:00 | ||
| 260 | |a Barcelona |b Gredos |c 1980 | ||
| 650 | 0 | |a Carne |9 259507 | |
| 650 | 7 | |a INDUSTRIA Y COMERCIO |2 CL-VaPUC |9 259508 | |
| 650 | 7 | |a EMBUTIDOS |2 CL-VaPUC |9 259752 | |
| 650 | 7 | |a CONSERVACION |2 CL-VaPUC |9 259519 | |
| 583 | |a last modification |c 19920819 00:00:00 |k Rodrigo Vera | ||
| 490 | 0 | |a Biblioteca técnica Gredos | |
| 999 | |c 210930 |d 210928 | ||
| 952 | |0 0 |1 0 |4 0 |6 664_900000000000000_AMO_1980 |7 0 |8 A |9 188001 |a BIBALI |b BIBALI |c RES |d 2019-11-14 |i 2554763 |o 664.9 AMO 1980 |p 2554763 |r 2025-01-20 |w 2019-11-14 |y BK_R |k ALI | ||